000 00675nac a22001931u 4500
010 _a 2002107091
020 _a0672324415
035 _a(DLC) 2002107091
082 _a005.3
_bB1632
090 _c470
_d470
100 _aBaird, Stewart.
245 1 0 _aSams teach yourself extreme programming in 24 hours /
_cStewart Baird.
260 _aIndianapolis, IN :
_bSams,
_cc2003.
300 _axv, 454 p. :
_bill. ;
_c24 cm.
650 0 _aComputer software
_xDevelopment.
650 0 _aeXtreme programming.
942 _cBB
_k005.3B1632
999 _c470
_d470